000 00647nam a2200229 i 4500
001 C2-0282220
003 PPAK
005 20180728012632.0
008 071002s2001 nyua|||| ||||| | eng d
020 _a0439309484
040 _aPPAK
_beng
_cPPAK
_erda
082 0 4 _a004.67
_223
090 0 0 _a004.67
_bBIL
_dRLCK
245 0 0 _aBill of rights :
_binstant internet activities folder
264 1 _aNew York :
_bScholastic ,
_c2001
300 _a[6 pages] :
_billustrations ;
_c28 cm
336 _2rdacontent
_atext
337 _2rdamedia
_aunmediated
338 _2rdacarrier
_avolume
650 1 0 _aInternet (Computer network).
942 _ddc
_cB
999 _c88496
_d88496